[Event "Buenos Aires Ponzo Cup 15th"]
[Site "Buenos Aires"]
[Date "2018.07.27"]
[Round "4.5"]
[White "Prieu, Gustavo"]
[Black "Zafferano, Juan Carlos"]
[Result "1-0"]
[WhiteElo "1813"]
[BlackElo "1856"]
[PlyCount "101"]
[EventDate "2018.07.20"]
[EventType "swiss"]
[EventRounds "6"]
[EventCountry "ARG"]
[SourceTitle "EXT 2024"]
[Source "ChessBase"]
[SourceDate "2023.10.10"]
[SourceVersion "1"]
[SourceVersionDate "2023.10.10"]
[SourceQuality "1"]

1. d4 d5 2. c4 e6 3. cxd5 exd5 4. Qc2 Be7 5. Nc3 Nf6 6. Bg5 0-0 7. Nf3 Bg4 8. Ne5 Bh5 9. e3 c6 10. Bd3 Bg6 11. Nxg6 fxg6 12. 0-0 Nbd7 13. a3 Kh8 14. b4 a6 15. Rab1 b5 16. a4 Nb6 17. a5 Nc4 18. Bxc4 bxc4 19. Na4 Ne4 20. Bf4 Bd6 21. Bxd6 Qxd6 22. Nc5 Nf6 23. h3 Rfb8 24. e4 Nd7 25. e5 Qe7 26. Qa4 Rb5 27. Rfe1 Nxc5 28. bxc5 Rab8 29. Qc2 Qc7 30. e6 Qe7 31. f4 Kg8 32. Rxb5 Rxb5 33. f5 Rb8 34. fxg6 hxg6 35. Qxg6 Qf6 36. Qg4 Re8 37. Kh2 Re7 38. Re3 Qh6 39. Re5 Qf6 40. Qe2 Qf4+ 41. Kh1 Qxd4 42. Rg5 Qxc5 43. Qe5 Qxa5 44. Rh5 Qc7 45. Qf5 Re8 46. Qh7+ Kf8 47. Rf5+ Ke7 48. Rf7+ Kd6 49. Rxc7 Kxc7 50. Qxg7+ Kb8 51. Qd7 1-0

[Event "Monte Grande Fasgba U2200 14th"]
[Site "Monte Grande"]
[Date "2017.06.16"]
[Round "1.4"]
[White "Gualpa, Carlos Alberto"]
[Black "Zafferano, Juan Carlos"]
[Result "1-0"]
[WhiteElo "1799"]
[BlackElo "1883"]
[PlyCount "87"]
[EventDate "2017.06.16"]
[EventType "swiss"]
[EventRounds "6"]
[EventCountry "ARG"]
[SourceTitle "EXT 2024"]
[Source "ChessBase"]
[SourceDate "2023.10.10"]
[SourceVersion "1"]
[SourceVersionDate "2023.10.10"]
[SourceQuality "1"]

1. e4 c5 2. Nf3 d6 3. Bc4 e6 4. d4 cxd4 5. Nxd4 Nf6 6. Nc3 Be7 7. 0-0 0-0 8. Bg5 Qc7 9. Bb3 a6 10. Re1 Nc6 11. Nxc6 bxc6 12. a4 Bb7 13. a5 h6 14. Be3 Nd7 15. Qd2 Kh7 16. Na4 c5 17. c3 Bxe4 18. Bxh6 d5 19. Bf4 Qxa5 20. f3 Bg6 21. Bxd5 Nf6 22. Bxa8 Rxa8 23. Be3 Qc7 24. Qf2 c4 25. Nb6 Rb8 26. Rxa6 Bd3 27. Rea1 Bd8 28. Ra7 Qc6 29. Na4 Nd5 30. Bc5 Kg8 31. Kh1 Rc8 32. Bd4 f6 33. Qg3 Rc7 34. Nc5 e5 35. Bg1 Be7 36. R7a6 Qb5 37. Ne6 Bf8 38. Nxc7 Nxc7 39. Rxf6 Qxb2 40. Rxf8+ Kxf8 41. Ra7 Ne8 42. Qxe5 Bf1 43. Bc5+ Kg8 44. Qxe8+ 1-0

[Event "Monte Grande Pre ITT FASGBA"]
[Site "Monte Grande"]
[Date "2015.12.05"]
[Round "3.3"]
[White "Farias, Guillermo"]
[Black "Zafferano, Juan Carlos"]
[Result "1/2-1/2"]
[WhiteElo "1989"]
[BlackElo "1913"]
[PlyCount "113"]
[EventDate "2015.12.04"]
[EventType "swiss"]
[EventRounds "7"]
[EventCountry "ARG"]
[SourceTitle "EXT 2024"]
[Source "ChessBase"]
[SourceDate "2023.10.10"]
[SourceVersion "1"]
[SourceVersionDate "2023.10.10"]
[SourceQuality "1"]

1. e4 c5 2. Nf3 d6 3. d4 cxd4 4. Nxd4 Nf6 5. Nc3 a6 6. Be2 e6 7. 0-0 Be7 8. a4 0-0 9. f4 Nc6 10. Kh1 Qc7 11. Be3 Bd7 12. Nb3 Rac8 13. Bd3 Nb4 14. g4 Nxd3 15. cxd3 Bc6 16. g5 Nd7 17. Nd4 g6 18. Rc1 Qd8 19. Qg4 Nc5 20. Nxc6 Rxc6 21. Rcd1 d5 22. exd5 exd5 23. f5 d4 24. Bxd4 gxf5 25. Rxf5 Ne6 26. Bf6 Ng7 27. Rd5 Rd6 28. Rxd6 Qxd6 29. Ne4 Qc7 30. Bxe7 Qxe7 31. Rf1 Ne8 32. Rf3 Qe6 33. Qxe6 fxe6 34. Kg2 Rf5 35. Rxf5 exf5 36. Nc5 Nd6 37. Kf3 Kg7 38. Kf4 Kg6 39. b3 a5 40. d4 b5 41. d5 bxa4 42. bxa4 Nc4 43. h4 Nd6 44. Nb3 Nc4 45. h5+ Kxh5 46. Nxa5 Nxa5 47. Kxf5 Nb7 48. Kf6 Kg4 49. g6 hxg6 50. Kxg6 Kf4 51. Kf6 Ke4 52. Ke6 Kd4 53. d6 Kc4 54. d7 Nc5+ 55. Kd6 Nxd7 56. a5 Kb5 57. a6 1/2-1/2

[Event "Monte Grande IRT 49 Cup Pedro Dreyer"]
[Site "Monte Grande"]
[Date "2015.09.19"]
[Round "3.1"]
[White "Prieu, Gustavo"]
[Black "Zafferano, Juan Carlos"]
[Result "0-1"]
[WhiteElo "1858"]
[BlackElo "1879"]
[PlyCount "80"]
[EventDate "2015.09.05"]
[EventType "swiss"]
[EventRounds "7"]
[EventCountry "ARG"]
[SourceTitle "EXT 2024"]
[Source "ChessBase"]
[SourceDate "2023.10.10"]
[SourceVersion "1"]
[SourceVersionDate "2023.10.10"]
[SourceQuality "1"]

1. d4 d5 2. c4 e6 3. Nf3 Nf6 4. g3 Be7 5. Bg2 0-0 6. Qc2 c6 7. 0-0 Nbd7 8. b3 Ne4 9. Nc3 f5 10. Bb2 a6 11. Rac1 Ndf6 12. Rfd1 Bd7 13. Ne5 Nxc3 14. Bxc3 Rc8 15. c5 Be8 16. b4 Nd7 17. Nd3 Bg6 18. Qb3 Bg5 19. f4 Be7 20. a4 Qc7 21. b5 axb5 22. axb5 Ra8 23. Ra1 Rfb8 24. Rdb1 Qc8 25. Rxa8 Rxa8 26. bxc6 bxc6 27. Qb7 Be8 28. Ne5 Qxb7 29. Rxb7 Nxe5 30. Rxe7 Nc4 31. Rc7 Ra3 32. Be1 Ra1 33. Kf2 Rd1 34. Bc3 Rc1 35. Be1 Nb2 36. Ba5 Ra1 37. Ra7 Nd1+ 38. Ke1 Ne3+ 39. Kf2 Ng4+ 40. Kf3 Ra3+ 0-1

[Event "Monte Grande Zalazar Cup 5th"]
[Site "Monte Grande"]
[Date "2015.08.15"]
[Round "6.9"]
[White "Quarta, Alejandro"]
[Black "Zafferano, Juan Carlos"]
[Result "0-1"]
[WhiteElo "1770"]
[BlackElo "1906"]
[PlyCount "54"]
[EventDate "2015.07.11"]
[EventType "swiss"]
[EventRounds "7"]
[EventCountry "ARG"]
[SourceTitle "EXT 2024"]
[Source "ChessBase"]
[SourceDate "2023.10.10"]
[SourceVersion "1"]
[SourceVersionDate "2023.10.10"]
[SourceQuality "1"]

1. e4 c5 2. Nc3 d6 3. Bb5+ Bd7 4. Bxd7+ Qxd7 5. Nf3 Nc6 6. a3 e6 7. d3 Nf6 8. Bd2 Be7 9. 0-0 0-0 10. Ne2 Qc7 11. Ng3 d5 12. Re1 dxe4 13. Nxe4 Rad8 14. Bc3 Nd4 15. Nxf6+ Bxf6 16. Bxd4 cxd4 17. Re4 g6 18. Qe2 Rd7 19. Rc1 Rc8 20. c4 dxc3 21. bxc3 Qa5 22. Rxe6 Qxa3 23. Re8+ Rxe8 24. Qxe8+ Kg7 25. Rd1 Qb3 26. Rf1 Rxd3 27. Ne5 Rxc3 0-1